Širší společenské podmínky pro výstavbu a provoz tratí vysokých rychlostí

Integrácia Českej republiky do európskej dopravnej sústavy predpokladá, vzhľadom ku geografickej polohe štátu i postupné budovanie vysokorýchlostných tratí nadnárodného významu. Stavba a prevádzka vysokorýchlostnej železnice sú podmienené nielen ekonomicky a technicky, ale aj stupňom rozvoja sociáln...

Descrizione completa

Salvato in:
Dettagli Bibliografici
Autore principale: Dekoj, S.
Altri autori: Riegel, K.
Natura: Capitolo di libro
Lingua:ceco
Soggetti:
Tags: Aggiungi Tag
Nessun Tag, puoi essere il primo ad aggiungerne!!

MARC

LEADER 00000naa a2200000 4500
001 r024570
005 20221213081818.1
041 0 |a cze 
044 |a CZ 
245 1 0 |a Širší společenské podmínky pro výstavbu a provoz tratí vysokých rychlostí  |c S. Dekoj, K. Riegel 
520 |a Integrácia Českej republiky do európskej dopravnej sústavy predpokladá, vzhľadom ku geografickej polohe štátu i postupné budovanie vysokorýchlostných tratí nadnárodného významu. Stavba a prevádzka vysokorýchlostnej železnice sú podmienené nielen ekonomicky a technicky, ale aj stupňom rozvoja sociálnej sféry spoločnosti. Vnútorné a vonkajšie podmienky realizácie vysokorýchlostných tratí. 
610 2 0 |a doprava železničná 
610 2 0 |a železnice 
610 2 0 |a Česko 
610 2 0 |a Európa 
100 1 |a Dekoj, S. 
700 1 |a Riegel, K.